Szczegóły MARC21

Zarys poetyki /

003 -Nazwa inst., której nr kontr. jest w polu 001 [,]
    • @
    • Nazwa instytucji, której n kontrolny jest w polu 001
    • NUKAT
005 -DATA I CZAS OSTATNIEJ MODYFIKACJI [,]
    • @
    • pole kontrolne
    • 20241231094411.0
020 -Międzynarod. znormalizowany nr książki - ISBN [ , ]
    • a
    • Numer ISBN
    • 8301017511 Find
040 -Instytucja sporządzająca opis [ , ]
    • a
    • Instytucja, która sporządziła opis (NP)
    • KR U/66GK
    • c
    • Instytucja, która sporządziła rekord (NP)
    • KR U/66GK
    • d
    • Instytucja, która zmodyfikowała rekord (P)
    • KR U/66GK
    • d
    • Instytucja, która zmodyfikowała rekord (P)
    • LUBLU /BAM
942 -Rodzaj dokumentu [ , ]
    • c
    • Rodzaj dokumentu
    • Książka
100 -Hasło główne - nazwa osobowa [1, ]
    • a
    • Nazwa osobowa (NP)
    • Miodońska-Brookes, Ewa
    • d
    • Daty biograficzne (NP)
    • (1939- ).
    • 9
    • KHW
    • 9747
245 -Strefa tytułu i oznaczenia odpowiedzialności [1,0]
    • a
    • Tytuł
    • Zarys poetyki / Find
    • c
    • Pozostałe elementy strefy tytułu i oznaczenia odpowiedzialności (NP)
    • Ewa Miodońska-Brookes, Adam Kulawik, Marian Tatara.
250 -Strefa wydania [ , ]
    • a
    • Oznaczenie wydania (NP)
    • Wyd. 4.
260 -Strefa adresu wydawniczego [ , ]
    • a
    • Miejsce wydania (P)
    • Warszawa :
    • b
    • Nazwa wydawcy (P)
    • Państwowe Wydaw. Naukowe,
    • c
    • Data wydania (P)
    • 1980.
300 -Strefa opisu fizycznego [ , ]
    • a
    • Określenie formy książki i/lub objętość (NP)
    • 566 s. ;
    • c
    • Format (NP)
    • 21 cm.
336 -Typ zawartości [ , ]
    • a
    • Termin opisujący typ zawartości
    • Tekst
    • b
    • Kod określający zawartość
    • txt
    • 2
    • Źródło (terminu i kodu)
    • rdacontent
337 -Typ mediów [ , ]
    • a
    • Tryb odtwarzania
    • Bez urządzenia pośredniczącego
    • b
    • Kod typu mediów
    • n
    • 2
    • Źródło (terminu i kodu)
    • rdamedia
338 -Typ/rodzaj nośnika [ , ]
    • a
    • Hasło opisujące typ nośnika
    • Wolumin
    • b
    • Kod typu nośnika
    • nc
    • 2
    • Źródło (terminu i kodu)
    • rdacarrier
504 -Uwaga dot. bibliogr. załącznikowej [ , ]
    • a
    • Uwaga dot. bibliografii załącznikowej
    • Bibliogr. s. 541-550. Indeksy.
080 -Uniwersalna Klasyfikacja Dziesiętna [ , ]
    • 2
    • Identyfikator wydania tablic
    • UDC-P058
    • a
    • Symbol klasyfikacji
    • 82.0
    • b
    • Dopowiedzenie
    • Teoria literatury. Nauka o literaturze. Poetyka.
    • x
    • Poddział wspólny
    • (075.8)
    • b
    • Dopowiedzenie
    • (Podręczniki dla szkół wyższych. Skrypty).
650 -Hasło przedmiotowe [ ,7]
    • a
    • Hasło przedmiotowe
    • Poetyka
    • v
    • Określnik formalny
    • podręczniki akademickie.
    • 2
    • Źródło terminu
    • kaba
    • 9
    • KHW
    • 367234
980 -Symbol UKD [ , ]
    • a
    • UKD
    • 82.0(075.8)
700 -Hasło dodatkowe - nazwa osobowa [1, ]
    • a
    • Nazwa osobowa (NP)
    • Kulawik, Adam Find
    • d
    • Daty biograficzne (NP)
    • (1938- ).
    • 9
    • KHW
    • 9748
700 -Hasło dodatkowe - nazwa osobowa [1, ]
    • a
    • Nazwa osobowa (NP)
    • Tatara, Marian Find
    • d
    • Daty biograficzne (NP)
    • (1931-2004).
    • 9
    • KHW
    • 9749
710 -Hasło dodatkowe - nazwa ciała zbiorowego [2, ]
    • a
    • Nazwa ciała zbiorowego lub nazwa geograficzna jako pierwszy element (NP)
    • Państwowe Wydawnictwo Naukowe (1951-1992).
    • 4
    • Kod relacji
    • pbl
    • 9
    • KHW
    • 52048
920 -ISBN [ , ]
    • a
    • ISBN
    • 83-01-01751-1 Find
Sygnatura Status udost. Lokalizacja Data inwentaryzacji Uwagi nie widoczne w OPAC Numer inwentarzowy
 1BG retrokonwersjaZ.40923
W.897912BG retrokonwersjaW.111790
W.897912BG retrokonwersjaW.89791
W.89791-3BG retrokonwersjaW.89792
W.897912BG retrokonwersjaW.89793
W.89791-3BG retrokonwersjaW.89794
W.89791-3BG retrokonwersjaW.89795
W.89791-3BG retrokonwersjaW.89796
W.89791-3BG retrokonwersjaW.89797
W.897912BG retrokonwersjaW.89798
W.897912BG retrokonwersjaW.89799
W.897912BG retrokonwersjaW.89800
W.897912BG retrokonwersjaW.89801
W.897912BG retrokonwersjaW.89802
W.897912BG retrokonwersjaW.89803
POL.Teoria lit. - podręczniki 031BM retrokonwersjaP.2535